[Event "ODJM A 2024"]
[Site "Willingen GER"]
[Date "2024.05.20"]
[Round "3"]
[White "Paeslack, Luis"]
[Black "Dietlmeier, Tobias"]
[Result "1-0"]
[Termination "normal"]
[Board "8"]
[WhiteElo "2003"]
[BlackElo "1936"]
[WhiteClock "00:04:35"]
[BlackClock "00:10:46"]
[PlyCount "93"]
[WhiteFideId "12987760"]
[BlackFideId "16213963"]
[EventCountry "GER"]
[EventRounds "9"]
[EventType "swiss"]
[EventDate "2024.05.18"]

1. d4 {[%clk 01:30:43]} {[%emt 00:00:16]} Nf6 {[%clk 01:30:48]} {[%emt
00:00:13]} 2. c4 {[%clk 01:30:31]} {[%emt 00:00:42]} g6 {[%clk 01:30:07]}
{[%emt 00:01:11]} 3. f3 {[%clk 01:30:27]} {[%emt 00:00:35]} c5 {[%clk
01:18:19]} {[%emt 00:12:17]} 4. d5 {[%clk 01:30:04]} {[%emt 00:00:53]} d6
{[%clk 01:17:13]} {[%emt 00:01:37]} 5. e4 {[%clk 01:30:20]} {[%emt 00:00:13]}
Bg7 {[%clk 01:16:28]} {[%emt 00:01:15]} 6. Nc3 {[%clk 01:30:17]} {[%emt
00:00:33]} h5 {[%clk 01:12:14]} {[%emt 00:04:44]} 7. Bd3 {[%clk 01:16:02]}
{[%emt 00:14:44]} e5 {[%clk 01:03:22]} {[%emt 00:09:23]} 8. Bg5 {[%clk
01:04:54]} {[%emt 00:11:37]} Na6 {[%clk 00:56:09]} {[%emt 00:07:44]} 9. Nge2
{[%clk 00:56:16]} {[%emt 00:09:08]} Nc7 {[%clk 00:54:05]} {[%emt 00:02:35]} 10.
Qd2 {[%clk 00:54:42]} {[%emt 00:02:03]} Bd7 {[%clk 00:52:55]} {[%emt 00:01:40]}
11. O-O {[%clk 00:49:06]} {[%emt 00:06:06]} O-O {[%clk 00:50:56]} {[%emt
00:02:29]} 12. a4 {[%clk 00:48:43]} {[%emt 00:00:53]} Qe8 {[%clk 00:47:34]}
{[%emt 00:03:51]} 13. Bh6 {[%clk 00:36:28]} {[%emt 00:12:45]} a6 {[%clk
00:44:54]} {[%emt 00:03:11]} 14. a5 {[%clk 00:35:22]} {[%emt 00:01:35]} Rb8
{[%clk 00:44:55]} {[%emt 00:00:30]} 15. Bxg7 {[%clk 00:35:23]} {[%emt
00:00:29]} Kxg7 {[%clk 00:45:18]} {[%emt 00:00:06]} 16. f4 {[%clk 00:32:40]}
{[%emt 00:03:13]} b6 {[%clk 00:40:56]} {[%emt 00:04:52]} 17. axb6 {[%clk
00:30:47]} {[%emt 00:02:24]} Rxb6 {[%clk 00:38:28]} {[%emt 00:02:57]} 18. f5
{[%clk 00:28:56]} {[%emt 00:02:21]} Qe7 {[%clk 00:34:50]} {[%emt 00:04:08]} 19.
Nd1 {[%clk 00:18:57]} {[%emt 00:10:29]} Rfb8 {[%clk 00:28:39]} {[%emt
00:06:41]} 20. Qg5 {[%clk 00:18:25]} {[%emt 00:01:02]} Nce8 {[%clk 00:26:02]}
{[%emt 00:03:06]} 21. Ng3 {[%clk 00:06:55]} {[%emt 00:12:00]} Kh7 {[%clk
00:26:11]} {[%emt 00:00:21]} 22. fxg6+ {[%clk 00:07:02]} {[%emt 00:00:24]} fxg6
{[%clk 00:26:34]} {[%emt 00:00:07]} 23. Be2 {[%clk 00:05:59]} {[%emt 00:01:33]}
Bg4 {[%clk 00:25:59]} {[%emt 00:01:05]} 24. Bxg4 {[%clk 00:05:53]} {[%emt
00:00:36]} hxg4 {[%clk 00:26:19]} {[%emt 00:00:10]} 25. Ne3 {[%clk 00:05:45]}
{[%emt 00:00:38]} R8b7 {[%clk 00:26:11]} {[%emt 00:00:38]} 26. Nxg4 {[%clk
00:05:05]} {[%emt 00:01:10]} Nxg4 {[%clk 00:26:31]} {[%emt 00:00:10]} 27. Qxg4
{[%clk 00:05:31]} {[%emt 00:00:04]} Rxb2 {[%clk 00:23:35]} {[%emt 00:03:26]}
28. Rxa6 {[%clk 00:05:44]} {[%emt 00:00:17]} Rc2 {[%clk 00:21:03]} {[%emt
00:03:01]} 29. Rf2 {[%clk 00:03:29]} {[%emt 00:02:46]} Rb1+ {[%clk 00:20:17]}
{[%emt 00:01:16]} 30. Nf1 {[%clk 00:03:11]} {[%emt 00:00:48]} Rxf2 {[%clk
00:10:04]} {[%emt 00:10:44]} 31. Kxf2 {[%clk 00:03:40]} {[%emt 00:00:01]} Qb7
{[%clk 00:10:02]} {[%emt 00:00:32]} 32. Rc6 {[%clk 00:01:51]} {[%emt 00:02:19]}
Nf6 {[%clk 00:09:41]} {[%emt 00:00:51]} 33. Qf3 {[%clk 00:01:15]} {[%emt
00:01:06]} Qb2+ {[%clk 00:09:15]} {[%emt 00:00:56]} 34. Kg3 {[%clk 00:01:17]}
{[%emt 00:00:27]} Nh5+ {[%clk 00:01:08]} {[%emt 00:08:37]} 35. Kh4 {[%clk
00:01:23]} {[%emt 00:00:24]} Nf4 {[%clk 00:01:07]} {[%emt 00:00:32]} 36. Rc7+
{[%clk 00:01:37]} {[%emt 00:00:17]} Kh6 {[%clk 00:01:32]} {[%emt 00:00:04]} 37.
Ne3 {[%clk 00:00:55]} {[%emt 00:01:12]} g5+ {[%clk 00:01:52]} {[%emt 00:00:10]}
38. Kg4 {[%clk 00:00:47]} {[%emt 00:00:38]} Qb8 {[%clk 00:01:47]} {[%emt
00:00:36]} 39. Nf5+ {[%clk 00:00:41]} {[%emt 00:00:37]} Kg6 {[%clk 00:02:11]}
{[%emt 00:00:04]} 40. Rg7+ {[%clk 00:00:46]} {[%emt 00:00:24]} Kf6 {[%clk
00:02:01]} {[%emt 00:00:41]} 41. Rxg5 {[%clk 00:06:24]} {[%emt 00:24:52]} Rb3
{[%clk 00:11:51]} {[%emt 00:20:39]} 42. Qf2 {[%clk 00:05:45]} {[%emt 00:01:10]}
Rb2 {[%clk 00:11:50]} {[%emt 00:00:32]} 43. Qh4 {[%clk 00:05:26]} {[%emt
00:00:48]} Rxg2+ {[%clk 00:11:52]} {[%emt 00:00:28]} 44. Ng3 {[%clk 00:05:08]}
{[%emt 00:00:48]} Qc8+ {[%clk 00:11:01]} {[%emt 00:01:22]} 45. Rf5+ {[%clk
00:05:09]} {[%emt 00:00:28]} Kg7 {[%clk 00:10:57]} {[%emt 00:00:34]} 46. Qe7+
{[%clk 00:04:49]} {[%emt 00:00:50]} Kh8 {[%clk 00:10:46]} {[%emt 00:00:41]} 47.
Kf3 {[%clk 00:04:35]} {[%emt 00:00:44]} 1-0

[Event "ODJM A 2024"]
[Site "Willingen GER"]
[Date "2024.05.20"]
[Round "3"]
[White "Kamp, Aaron"]
[Black "Geist, Denis"]
[Result "0-1"]
[Termination "normal"]
[Board "9"]
[WhiteElo "1996"]
[BlackElo "1847"]
[WhiteClock "00:20:42"]
[BlackClock "00:03:09"]
[PlyCount "46"]
[WhiteFideId "16231120"]
[BlackFideId "34605100"]
[EventCountry "GER"]
[EventRounds "9"]
[EventType "swiss"]
[EventDate "2024.05.18"]

1. e4 {[%clk 01:30:57]} {[%emt 00:00:03]} e5 {[%clk 01:29:43]} {[%emt
00:01:18]} 2. d4 {[%clk 01:31:20]} {[%emt 00:00:07]} exd4 {[%clk 01:29:06]}
{[%emt 00:01:07]} 3. Nf3 {[%clk 01:31:42]} {[%emt 00:00:07]} Bc5 {[%clk
01:28:49]} {[%emt 00:00:47]} 4. Bc4 {[%clk 01:32:00]} {[%emt 00:00:12]} d6
{[%clk 01:28:37]} {[%emt 00:00:42]} 5. Nxd4 {[%clk 01:31:21]} {[%emt 00:01:08]}
Nf6 {[%clk 01:24:21]} {[%emt 00:04:47]} 6. Nc3 {[%clk 01:29:53]} {[%emt
00:01:58]} O-O {[%clk 01:23:52]} {[%emt 00:00:58]} 7. O-O {[%clk 01:29:29]}
{[%emt 00:00:54]} Re8 {[%clk 01:22:51]} {[%emt 00:01:32]} 8. Re1 {[%clk
01:23:21]} {[%emt 00:06:37]} Nbd7 {[%clk 01:22:22]} {[%emt 00:01:00]} 9. Bg5
{[%clk 01:15:14]} {[%emt 00:08:37]} Ne5 {[%clk 01:15:33]} {[%emt 00:07:20]} 10.
Be2 {[%clk 01:13:34]} {[%emt 00:02:09]} h6 {[%clk 01:08:46]} {[%emt 00:07:17]}
11. Bh4 {[%clk 01:12:59]} {[%emt 00:01:04]} c6 {[%clk 01:06:12]} {[%emt
00:03:05]} 12. Nb3 {[%clk 01:01:34]} {[%emt 00:11:55]} Bb4 {[%clk 00:59:44]}
{[%emt 00:06:58]} 13. f3 {[%clk 00:51:57]} {[%emt 00:10:06]} Ng6 {[%clk
00:52:05]} {[%emt 00:08:10]} 14. Bf2 {[%clk 00:50:16]} {[%emt 00:02:10]} d5
{[%clk 00:48:49]} {[%emt 00:03:47]} 15. Bd3 {[%clk 00:47:13]} {[%emt 00:03:33]}
Nf4 {[%clk 00:36:35]} {[%emt 00:12:44]} 16. a3 {[%clk 00:44:01]} {[%emt
00:03:42]} Bd6 {[%clk 00:32:15]} {[%emt 00:04:51]} 17. Qd2 {[%clk 00:40:51]}
{[%emt 00:03:38]} Bd7 {[%clk 00:29:34]} {[%emt 00:03:11]} 18. Bd4 {[%clk
00:37:35]} {[%emt 00:03:46]} Qc7 {[%clk 00:24:09]} {[%emt 00:05:55]} 19. Bf1
{[%clk 00:31:46]} {[%emt 00:06:19]} N4h5 {[%clk 00:21:31]} {[%emt 00:03:10]}
20. g4 {[%clk 00:27:36]} {[%emt 00:04:39]} Bxg4 {[%clk 00:12:56]} {[%emt
00:09:06]} 21. fxg4 {[%clk 00:22:54]} {[%emt 00:05:11]} Nxg4 {[%clk 00:13:21]}
{[%emt 00:00:06]} 22. h3 {[%clk 00:20:59]} {[%emt 00:02:23]} Bf4 {[%clk
00:03:49]} {[%emt 00:10:03]} 23. Qd1 {[%clk 00:20:42]} {[%emt 00:00:46]} Be3+
{[%clk 00:03:09]} {[%emt 00:01:11]} 0-1

[Event "ODJM A 2024"]
[Site "Willingen GER"]
[Date "2024.05.20"]
[Round "3"]
[White "Vollbehr, Bjarne"]
[Black "Tulchynsky, David"]
[Result "1-0"]
[Termination "normal"]
[Board "10"]
[WhiteElo "1927"]
[BlackElo "1854"]
[WhiteClock "00:53:59"]
[BlackClock "00:25:24"]
[PlyCount "111"]
[WhiteFideId "34606025"]
[BlackFideId "16289560"]
[EventCountry "GER"]
[EventRounds "9"]
[EventType "swiss"]
[EventDate "2024.05.18"]

1. d4 {[%clk 01:30:57]} {[%emt 00:00:02]} Nf6 {[%clk 01:30:54]} {[%emt
00:00:07]} 2. c4 {[%clk 01:31:22]} {[%emt 00:00:04]} g6 {[%clk 01:31:20]}
{[%emt 00:00:05]} 3. Nc3 {[%clk 01:31:48]} {[%emt 00:00:04]} Bg7 {[%clk
01:31:47]} {[%emt 00:00:02]} 4. e4 {[%clk 01:32:13]} {[%emt 00:00:05]} d6
{[%clk 01:32:14]} {[%emt 00:00:04]} 5. h3 {[%clk 01:32:39]} {[%emt 00:00:04]}
e5 {[%clk 01:32:00]} {[%emt 00:00:44]} 6. dxe5 {[%clk 01:31:20]} {[%emt
00:01:48]} dxe5 {[%clk 01:32:27]} {[%emt 00:00:03]} 7. Qxd8+ {[%clk 01:31:41]}
{[%emt 00:00:09]} Kxd8 {[%clk 01:32:55]} {[%emt 00:00:02]} 8. Nf3 {[%clk
01:31:41]} {[%emt 00:00:30]} Nbd7 {[%clk 01:27:50]} {[%emt 00:05:36]} 9. Be3
{[%clk 01:31:21]} {[%emt 00:00:49]} c6 {[%clk 01:27:58]} {[%emt 00:00:22]} 10.
O-O-O {[%clk 01:31:17]} {[%emt 00:00:33]} Kc7 {[%clk 01:28:22]} {[%emt
00:00:07]} 11. c5 {[%clk 01:31:06]} {[%emt 00:00:42]} b5 {[%clk 01:18:54]}
{[%emt 00:09:58]} 12. cxb6+ {[%clk 01:24:37]} {[%emt 00:06:58]} axb6 {[%clk
01:17:54]} {[%emt 00:01:30]} 13. Ng5 {[%clk 01:23:36]} {[%emt 00:01:31]} Rf8
{[%clk 01:15:38]} {[%emt 00:02:47]} 14. Bc4 {[%clk 01:23:15]} {[%emt 00:00:50]}
h6 {[%clk 01:15:54]} {[%emt 00:00:14]} 15. Nxf7 {[%clk 01:22:39]} {[%emt
00:01:06]} b5 {[%clk 01:16:21]} {[%emt 00:00:03]} 16. Bb3 {[%clk 01:22:14]}
{[%emt 00:00:55]} b4 {[%clk 01:16:45]} {[%emt 00:00:06]} 17. Ne2 {[%clk
01:21:53]} {[%emt 00:00:51]} Nxe4 {[%clk 01:17:02]} {[%emt 00:00:13]} 18. f3
{[%clk 01:20:36]} {[%emt 00:01:47]} Ndc5 {[%clk 00:51:39]} {[%emt 00:25:54]}
19. Bc4 {[%clk 01:16:03]} {[%emt 00:05:02]} Be6 {[%clk 00:51:53]} {[%emt
00:00:16]} 20. Bxe6 {[%clk 01:14:12]} {[%emt 00:02:20]} Nxe6 {[%clk 00:52:10]}
{[%emt 00:00:14]} 21. Nxh6 {[%clk 01:12:53]} {[%emt 00:01:49]} Nf2 {[%clk
00:51:41]} {[%emt 00:00:58]} 22. Bxf2 {[%clk 01:12:40]} {[%emt 00:00:44]} Bxh6+
{[%clk 00:52:09]} {[%emt 00:00:02]} 23. Kb1 {[%clk 01:12:50]} {[%emt 00:00:20]}
Ra5 {[%clk 00:51:52]} {[%emt 00:00:48]} 24. Be1 {[%clk 01:08:56]} {[%emt
00:04:23]} c5 {[%clk 00:43:19]} {[%emt 00:09:04]} 25. Bd2 {[%clk 01:03:05]}
{[%emt 00:06:20]} Bxd2 {[%clk 00:41:42]} {[%emt 00:02:07]} 26. Rxd2 {[%clk
01:03:27]} {[%emt 00:00:08]} Rfa8 {[%clk 00:41:31]} {[%emt 00:00:42]} 27. b3
{[%clk 01:02:52]} {[%emt 00:01:04]} Nd4 {[%clk 00:37:22]} {[%emt 00:04:38]} 28.
Nxd4 {[%clk 01:02:53]} {[%emt 00:00:30]} cxd4 {[%clk 00:37:47]} {[%emt
00:00:05]} 29. Rc1+ {[%clk 01:03:05]} {[%emt 00:00:17]} Kd6 {[%clk 00:38:12]}
{[%emt 00:00:05]} 30. Rc4 {[%clk 01:02:51]} {[%emt 00:00:45]} Rb8 {[%clk
00:38:04]} {[%emt 00:00:38]} 31. f4 {[%clk 01:03:03]} {[%emt 00:00:17]} Rd5
{[%clk 00:36:28]} {[%emt 00:02:07]} 32. Kc2 {[%clk 01:02:28]} {[%emt 00:01:04]}
exf4 {[%clk 00:34:56]} {[%emt 00:02:03]} 33. Kd3 {[%clk 01:01:06]} {[%emt
00:01:52]} Ke5 {[%clk 00:31:41]} {[%emt 00:03:45]} 34. Re2+ {[%clk 00:59:52]}
{[%emt 00:01:44]} Kf5 {[%clk 00:32:08]} {[%emt 00:00:03]} 35. Rxd4 {[%clk
00:59:59]} {[%emt 00:00:23]} Rxd4+ {[%clk 00:32:30]} {[%emt 00:00:08]} 36. Kxd4
{[%clk 01:00:24]} {[%emt 00:00:05]} Rc8 {[%clk 00:32:52]} {[%emt 00:00:08]} 37.
a4 {[%clk 00:48:00]} {[%emt 00:12:54]} bxa3 {[%clk 00:28:52]} {[%emt 00:04:30]}
38. b4 {[%clk 00:48:06]} {[%emt 00:00:23]} Rd8+ {[%clk 00:08:22]} {[%emt
00:21:00]} 39. Kc4 {[%clk 00:47:20]} {[%emt 00:01:14]} g5 {[%clk 00:06:19]}
{[%emt 00:02:36]} 40. b5 {[%clk 00:41:57]} {[%emt 00:05:53]} Rd1 {[%clk
00:04:34]} {[%emt 00:02:14]} 41. Ra2 {[%clk 00:41:24]} {[%emt 00:01:03]} Rc1+
{[%clk 00:04:55]} {[%emt 00:00:10]} 42. Kb4 {[%clk 00:41:15]} {[%emt 00:00:37]}
Rb1+ {[%clk 00:04:11]} {[%emt 00:01:16]} 43. Kc4 {[%clk 00:26:05]} {[%emt
00:15:40]} Rb2 {[%clk 00:28:10]} {[%emt 00:06:31]} 44. Rxa3 {[%clk 00:55:54]}
{[%emt 00:00:41]} Rxg2 {[%clk 00:28:37]} {[%emt 00:00:03]} 45. b6 {[%clk
00:55:12]} {[%emt 00:01:11]} Rb2 {[%clk 00:28:35]} {[%emt 00:00:32]} 46. Rb3
{[%clk 00:55:12]} {[%emt 00:00:30]} Rc2+ {[%clk 00:29:03]} {[%emt 00:00:03]}
47. Kd3 {[%clk 00:55:09]} {[%emt 00:00:32]} Rc8 {[%clk 00:29:26]} {[%emt
00:00:08]} 48. b7 {[%clk 00:55:09]} {[%emt 00:00:29]} Rb8 {[%clk 00:29:54]}
{[%emt 00:00:02]} 49. Rb5+ {[%clk 00:55:27]} {[%emt 00:00:12]} Kg6 {[%clk
00:27:36]} {[%emt 00:02:49]} 50. Ke4 {[%clk 00:55:34]} {[%emt 00:00:22]} Kh5
{[%clk 00:27:27]} {[%emt 00:00:40]} 51. Rb1 {[%clk 00:52:48]} {[%emt 00:03:16]}
Kh4 {[%clk 00:26:58]} {[%emt 00:00:59]} 52. Kf3 {[%clk 00:53:00]} {[%emt
00:00:16]} Kh5 {[%clk 00:27:13]} {[%emt 00:00:16]} 53. Rb6 {[%clk 00:53:25]}
{[%emt 00:00:05]} g4+ {[%clk 00:25:25]} {[%emt 00:02:18]} 54. hxg4+ {[%clk
00:53:44]} {[%emt 00:00:11]} Kh4 {[%clk 00:25:20]} {[%emt 00:00:36]} 55. Rb5
{[%clk 00:53:59]} {[%emt 00:00:15]} Kh3 {[%clk 00:25:24]} {[%emt 00:00:26]} 56.
Rh5 {[%emt 00:00:06]} 1-0

[Event "ODJM A 2024"]
[Site "Willingen GER"]
[Date "2024.05.20"]
[Round "3"]
[White "Gröschel, Karoline"]
[Black "Uhlmann, Tim"]
[Result "0-1"]
[Termination "normal"]
[Board "11"]
[WhiteElo "1952"]
[BlackElo "1920"]
[WhiteClock "00:30:06"]
[BlackClock "01:25:30"]
[PlyCount "116"]
[WhiteFideId "34610537"]
[BlackFideId "16239210"]
[EventCountry "GER"]
[EventRounds "9"]
[EventType "swiss"]
[EventDate "2024.05.18"]

1. e4 {[%clk 01:30:57]} {[%emt 00:00:03]} c5 {[%clk 01:30:44]} {[%emt
00:00:15]} 2. Nf3 {[%clk 01:31:21]} {[%emt 00:00:08]} e6 {[%clk 01:31:10]}
{[%emt 00:00:04]} 3. d4 {[%clk 01:31:41]} {[%emt 00:00:09]} cxd4 {[%clk
01:31:35]} {[%emt 00:00:05]} 4. Nxd4 {[%clk 01:32:06]} {[%emt 00:00:05]} Bc5
{[%clk 01:31:52]} {[%emt 00:00:13]} 5. Be3 {[%clk 01:31:37]} {[%emt 00:01:00]}
Qb6 {[%clk 01:32:16]} {[%emt 00:00:06]} 6. Na3 {[%clk 01:31:54]} {[%emt
00:00:12]} Qa5+ {[%clk 01:32:15]} {[%emt 00:00:31]} 7. Bd2 {[%clk 01:25:58]}
{[%emt 00:06:27]} Qd8 {[%clk 01:32:26]} {[%emt 00:00:18]} 8. Bc3 {[%clk
01:20:42]} {[%emt 00:05:46]} Bxa3 {[%clk 01:31:08]} {[%emt 00:01:49]} 9. bxa3
{[%clk 01:21:01]} {[%emt 00:00:11]} Nf6 {[%clk 01:29:38]} {[%emt 00:01:59]} 10.
Bd3 {[%clk 01:17:32]} {[%emt 00:03:59]} a6 {[%clk 01:27:05]} {[%emt 00:03:03]}
11. O-O {[%clk 01:12:53]} {[%emt 00:05:09]} Qc7 {[%clk 01:21:58]} {[%emt
00:05:37]} 12. Qd2 {[%clk 01:07:30]} {[%emt 00:05:53]} O-O {[%clk 01:21:04]}
{[%emt 00:01:25]} 13. Ne2 {[%clk 00:59:26]} {[%emt 00:08:33]} Nc6 {[%clk
01:15:39]} {[%emt 00:05:55]} 14. Bxf6 {[%clk 00:53:20]} {[%emt 00:06:36]} gxf6
{[%clk 01:15:51]} {[%emt 00:00:18]} 15. Qh6 {[%clk 00:53:33]} {[%emt 00:00:17]}
Qd8 {[%clk 01:06:45]} {[%emt 00:09:36]} 16. Nf4 {[%clk 00:50:13]} {[%emt
00:03:50]} Kh8 {[%clk 01:06:42]} {[%emt 00:00:33]} 17. Nh5 {[%clk 00:49:32]}
{[%emt 00:01:10]} Rg8 {[%clk 01:06:45]} {[%emt 00:00:28]} 18. Nxf6 {[%clk
00:48:53]} {[%emt 00:01:10]} Rg7 {[%clk 01:07:08]} {[%emt 00:00:06]} 19. e5
{[%clk 00:43:24]} {[%emt 00:05:58]} Nxe5 {[%clk 01:05:19]} {[%emt 00:02:20]}
20. Nxh7 {[%clk 00:33:18]} {[%emt 00:10:35]} Ng4 {[%clk 01:05:32]} {[%emt
00:00:18]} 21. Qh5 {[%clk 00:33:02]} {[%emt 00:00:46]} Kg8 {[%clk 01:05:42]}
{[%emt 00:00:20]} 22. h3 {[%clk 00:33:21]} {[%emt 00:00:11]} f5 {[%clk
01:05:47]} {[%emt 00:00:25]} 23. Bxf5 {[%clk 00:27:22]} {[%emt 00:06:30]} exf5
{[%clk 01:05:20]} {[%emt 00:00:57]} 24. Qxf5 {[%clk 00:26:59]} {[%emt
00:00:53]} d5 {[%clk 01:03:14]} {[%emt 00:02:36]} 25. Qf4 {[%clk 00:25:54]}
{[%emt 00:01:34]} Kxh7 {[%clk 01:03:00]} {[%emt 00:00:44]} 26. hxg4 {[%emt
00:04:27]} Bxg4 {[%clk 00:59:29]} {[%emt 00:00:02]} 27. Rfe1 {[%clk 00:23:35]}
{[%emt 00:02:50]} Qg5 {[%clk 00:54:20]} {[%emt 00:05:39]} 28. Qxg5 {[%clk
00:19:22]} {[%emt 00:04:44]} Rxg5 {[%clk 00:51:52]} {[%emt 00:02:58]} 29. Re7+
{[%clk 00:19:40]} {[%emt 00:00:12]} Rg7 {[%clk 00:51:41]} {[%emt 00:00:41]} 30.
Rae1 {[%clk 00:19:43]} {[%emt 00:00:27]} Rag8 {[%clk 00:51:42]} {[%emt
00:00:28]} 31. Kf1 {[%clk 00:19:58]} {[%emt 00:00:16]} Bf5 {[%clk 00:49:17]}
{[%emt 00:02:55]} 32. R1e5 {[%clk 00:17:39]} {[%emt 00:02:50]} Rxe7 {[%clk
00:49:17]} {[%emt 00:00:29]} 33. Rxe7+ {[%clk 00:18:03]} {[%emt 00:00:07]} Rg7
{[%clk 00:49:42]} {[%emt 00:00:05]} 34. Re5 {[%clk 00:18:18]} {[%emt 00:00:13]}
Bxc2 {[%clk 00:49:24]} {[%emt 00:00:49]} 35. Rxd5 {[%clk 00:18:36]} {[%emt
00:00:12]} Rxg2 {[%clk 00:48:37]} {[%emt 00:01:17]} 36. Rh5+ {[%clk 00:17:39]}
{[%emt 00:01:27]} Kg6 {[%clk 00:48:59]} {[%emt 00:00:09]} 37. Rc5 {[%clk
00:18:04]} {[%emt 00:00:04]} Be4 {[%clk 00:48:52]} {[%emt 00:00:37]} 38. Re5
{[%clk 00:17:46]} {[%emt 00:00:48]} Rg4 {[%clk 00:49:07]} {[%emt 00:00:15]} 39.
Ke2 {[%clk 00:17:17]} {[%emt 00:01:00]} Bc6 {[%clk 00:49:22]} {[%emt 00:00:14]}
40. Kd2 {[%clk 00:15:25]} {[%emt 00:02:23]} Rf4 {[%clk 00:48:55]} {[%emt
00:00:55]} 41. Ke1 {[%clk 00:06:59]} {[%emt 00:08:57]} Re4+ {[%clk 00:49:14]}
{[%emt 00:00:11]} 42. Rxe4 {[%clk 00:07:13]} {[%emt 00:00:17]} Bxe4 {[%clk
00:49:39]} {[%emt 00:00:04]} 43. a4 {[%clk 00:07:38]} {[%emt 00:00:05]} Kf5
{[%clk 00:49:48]} {[%emt 00:00:21]} 44. a5 {[%clk 00:06:22]} {[%emt 00:01:46]}
Kf4 {[%clk 00:50:10]} {[%emt 00:00:08]} 45. Ke2 {[%clk 00:06:30]} {[%emt
00:00:22]} Bc6 {[%clk 00:50:29]} {[%emt 00:00:10]} 46. a3 {[%clk 00:03:54]}
{[%emt 00:03:08]} Bb5+ {[%clk 00:50:53]} {[%emt 00:00:05]} 47. Kd2 {[%clk
00:03:37]} {[%emt 00:00:46]} Kf3 {[%clk 00:51:17]} {[%emt 00:00:06]} 48. Kc3
{[%clk 00:04:03]} {[%emt 00:00:05]} Kxf2 {[%clk 00:51:41]} {[%emt 00:00:06]}
49. Kb4 {[%clk 00:04:30]} {[%emt 00:00:04]} Bc6 {[%clk 00:52:01]} {[%emt
00:00:09]} 50. Kb3 {[%clk 00:01:15]} {[%emt 00:03:45]} Ke3 {[%clk 00:52:22]}
{[%emt 00:00:08]} 51. Kc3 {[%clk 00:01:42]} {[%emt 00:00:04]} Bd5 {[%clk
00:52:47]} {[%emt 00:00:05]} 52. Kb4 {[%clk 00:01:27]} {[%emt 00:00:45]} Kd4
{[%clk 00:53:10]} {[%emt 00:00:07]} 53. Ka4 {[%clk 00:01:49]} {[%emt 00:00:09]}
Bc6+ {[%clk 00:53:33]} {[%emt 00:00:06]} 54. Kb4 {[%clk 00:02:08]} {[%emt
00:00:11]} Kd5 {[%clk 00:53:52]} {[%emt 00:00:10]} 55. Kc3 {[%clk 00:00:46]}
{[%emt 00:01:52]} Kc5 {[%clk 00:54:14]} {[%emt 00:00:08]} 56. Kb3 {[%clk
00:29:20]} {[%emt 00:01:56]} Kb5 {[%clk 01:24:40]} {[%emt 00:00:05]} 57. a4+
{[%clk 00:29:40]} {[%emt 00:00:10]} Kxa5 {[%clk 01:25:06]} {[%emt 00:00:04]}
58. Ka3 {[%clk 00:30:06]} {[%emt 00:00:04]} Bxa4 {[%clk 01:25:30]} {[%emt
00:00:06]} 0-1